000 00500nam a2200181Ia 4500
001 4385
003 IN-NITTTR
005 20251114232959.0
008 251113s9999||||xx |||||||||||||| ||eng||
040 _beng
040 _cIN-NITTTR
041 _aeng
082 _a621.3 F576B
100 _aFitzgerald, A. E.
245 0 _aBasic electrical engineering :
_b circuits machines electronics control /
_cFitzgerald, A. E., Higginbotham, David E.
700 _a Higginbotham, David E.
942 _2ddc
_cBK
999 _c7021
_d7021